Kluby Jupiler League 2023/24 - Statystyki

Ogólne statystyki
  • Ten quiz został rozwiązany 75 razy
    36 od ostatniego zresetowania
  • Średni wynik to 6 z 16
Statystyki odpowiedzi
Odpowiedź % Poprawnych
Club Brugge
91%
KAA Gent
85%
KRC Genk
82%
RSC Anderlecht
82%
Royal Antwerp
73%
Cercle Brugge
45%
Standard Liege
30%
KVC Westerlo
27%
Royal Charleroi
24%
KV Mechelen
21%
Oud-Heverlee Leuven
21%
KAS Eupen
18%
KV Kortrijk
18%
RWD Molenbeek
15%
Royale Union Saint-Gilloise
9%
Sint-Truidense VV
6%
Nie znaleziono quizów pasujących do podanych kryteriów
Rozkład punktacji
Procent ludzi z każdym wynikiem
Percentyl według liczby udzielonych odpowiedzi
Twoja historia wyników
Nie rozwiązałeś tego quizu od ostatniego zresetowania